Trainee Integrative Counsellors and Psychotherapists' Construction of Their Professional Identity in Greece/MSc Integrative Counselling and Psychotherapy (Record no. 8404)
[ view plain ]
| 000 -LEADER | |
|---|---|
| fixed length control field | 01454cam a22001934a 4500 |
| 005 - ΗΜΕΡΟΜΗΝΙΑ ΚΑΙ ΩΡΑ ΤΕΛΕΥΤΑΙΑΣ ΕΝΗΜΕΡΩΣΗΣ | |
| Πεδίο ελέγχου | 20250605164335.0 |
| 008 - FIXED-LENGTH DATA ELEMENTS--GENERAL INFORMATION | |
| Πεδίο ελέγχου σταθερού μήκους | 250528s ||||||||||||||||||||||||d |
| 035 ## - SYSTEM CONTROL NUMBER | |
| System control number | 23381 |
| 040 ## - ΠΗΓΗ ΚΑΤΑΛΟΓΟΓΡΑΦΗΣΗΣ | |
| Φορέας πρωτότυπης καταλογογράφησης | MC Athens Campus Library |
| Γλώσσα καταλογογράφησης | Ελληνικά, Μοντέρνα (1453-) |
| Modifying agency | MC Athens Campus Library |
| Κανόνες περιγραφικής καταλογογράφησης | AACR2 |
| 245 1# - ΤΙΤΛΟΣ ΚΑΙ ΔΗΛΩΣΗ ΥΠΕΥΘΥΝΟΤΗΤΑΣ | |
| Τίτλος | Trainee Integrative Counsellors and Psychotherapists' Construction of Their Professional Identity in Greece/MSc Integrative Counselling and Psychotherapy |
| 260 ## - PUBLICATION, DISTRIBUTION, ETC. | |
| Date of publication, distribution, etc. | 2019 |
| 300 ## - PHYSICAL DESCRIPTION | |
| Extent | 104 |
| 520 ## - SUMMARY, ETC. | |
| Summary, etc. | Introduction and Literature Review, Introduction, Identity, Professional Identity, Counselling and Psychotherapeutic Identity, Integrative Counselling and Psychotherapy, The Difficulty of Defining the Definitions, Review on Previews Research, Rationale of the Current Study, Research Questions and Aims and Objectives, Methodology, Design, Rationale for Adopting a Qualitative Methodology, Key Characteristics and Philosophical Basis of Foucaultian Discourse Analysis, Reflexivity, Participants, Data Collection, Procedure, Ethical Issues, Analytic Strategy, AnaLYSIS, The Professional Discource, The (Bio) Medical Discourse, The Idealistic Discourse, The Superiority Discource, The Developmental Discource, The Socioclultural Discource, Discussion, Theoretical Insights, Methodology and Value of Research, Limitations, Implications, Conclusion, References, Appendices. |
| 700 1# - ΠΡΟΣΘΕΤΗ ΑΝΑΓΡΑΦΗ--ΦΥΣΙΚΟ ΠΡΟΣΩΠΟ | |
| Personal name | Apostolopoulou Aggeliki |
| 9 (RLIN) | 8941 |
| 700 1# - ΠΡΟΣΘΕΤΗ ΑΝΑΓΡΑΦΗ--ΦΥΣΙΚΟ ΠΡΟΣΩΠΟ | |
| Personal name | Karypidou Eleni |
| 9 (RLIN) | 8942 |
| 942 ## - ADDED ENTRY ELEMENTS (KOHA) | |
| Koha item type | Διπλωματική εργασία |
| Τύπος τεκμηρίου | Βιβλιοθήκη | Τρέχουσα τοποθεσία | Barcode | Ημερομηνία απόκτησης | Ταξιθετικό σύμβολο | Αριθμός αντιτύπου | Κατάσταση απόσυρσης | Κατάσταση χαμένου | Κατάσταση κατεστραμμένου | Μη δανεισμός | Σύνολο δανεισμών | Ημερομηνία τελευταίας εμφάνισης | Η τιμή ισχύει από |
|---|---|---|---|---|---|---|---|---|---|---|---|---|---|
| Διπλωματική εργασία | MC Athens Campus Library | MC Athens Campus Library | 9780000084033 | 05/06/2025 | PSY 2019 (25) | 1 | 05/06/2025 | 05/06/2025 |